000 00742nam a2200289Ia 4500
005 20260324132052.0
008 008 260324s9999 xx 000 0 eng d
020 _a9780203028766
037 _aEBOOK
040 _aCRL
040 _beng
040 _cCRL
041 _2eng
041 _aeng
084 _qCRL
100 _aPaul Hoebink; Olav Stokke
_91187913
245 0 _aPerspectives on European Development Cooperation
245 0 _bPolicy and Performance of Individual Donor Countries and the EU
260 _bTaylor and Francis
260 _c2005
365 _a
365 _b255
856 _uhttp://www.taylorfrancis.com/books/9780203028766
942 _cEBOOK
999 _c1785638
_d1785638